Tribhuvan University Central Library

Inferential statistics, in research and education (Record no. 25740)

MARC details
000 -LEADER
fixed length control field 005170000a22002170004500
082 ## - DEWEY DECIMAL CLASSIFICATION NUMBER
Classification number 519.5
Item number P192i
041 ## - LANGUAGE CODE
Language code of text/sound track or separate title Eng
100 ## - MAIN ENTRY--PERSONAL NAME
Personal name Pandit, Ramjee Prasad
245 ## - TITLE STATEMENT
Title Inferential statistics, in research and education
260 ## - PUBLICATION, DISTRIBUTION, ETC. (IMPRINT)
Place of publication, distribution, etc Kathmandu
Name of publisher, distributor, etc Ananta Prakashan, Nepal
260 ## - PUBLICATION, DISTRIBUTION, ETC. (IMPRINT)
Date of publication, distribution, etc 1995
300 ## - PHYSICAL DESCRIPTION
Extent 296p.
Other physical details illus
518 ## - DATE/TIME AND PLACE OF AN EVENT NOTE
Date/time and place of an event note 20020210
530 ## - ADDITIONAL PHYSICAL FORM AVAILABLE NOTE
Additional physical form available note M
650 ## - SUBJECT ADDED ENTRY--TOPICAL TERM
Topical term or geographic name as entry element Statistical analysis
650 ## - SUBJECT ADDED ENTRY--TOPICAL TERM
Topical term or geographic name as entry element Mathematics
650 ## - SUBJECT ADDED ENTRY--TOPICAL TERM
Topical term or geographic name as entry element Sampling
650 ## - SUBJECT ADDED ENTRY--TOPICAL TERM
Topical term or geographic name as entry element Probability
650 ## - SUBJECT ADDED ENTRY--TOPICAL TERM
Topical term or geographic name as entry element Hypothesis
942 ## - ADDED ENTRY ELEMENTS (KOHA)
Koha item type General Collections
Holdings
Withdrawn status Lost status Damaged status Not for loan Home library Current library Date acquired Total Checkouts Total Renewals Barcode Date last seen Date checked out Price effective from Koha item type
        Tribhuvan University Central Library Tribhuvan University Central Library 06/20/2010 1 1 123746 04/02/2024 04/23/2023 06/20/2010 General Collections
        Tribhuvan University Central Library Tribhuvan University Central Library 06/20/2010 4 1 123747 07/31/2023 07/11/2023 06/20/2010 General Collections